Normal view
MARC view
- وشاح، خليل/ م. مشارك معروف عبدالله
Entry Personal Name
001 - CONTROL NUMBER
- control field: 43209
003 - CONTROL NUMBER IDENTIFIER
- control field: JO-AjAnu
005 - DATE AND TIME OF LATEST TRANSACTION
- control field: 20230606081149.0
008 - FIXED-LENGTH DATA ELEMENTS
- fixed length control field: 230606|| aca||aabn | a|a d
040 ## - CATALOGING SOURCE
- Original cataloging agency: JO-AjAnu
- Transcribing agency: JO-AjAnu
100 ## - HEADING--PERSONAL NAME
- Personal name: وشاح، خليل/ م. مشارك معروف عبدالله
670 ## - SOURCE DATA FOUND
- Source citation: Work cat.: (JO-AjAnu)22128: وشاح، خليل/ م. مشارك معروف عبدالله , author, الفيزياء العامة، ج1